| 000 | 00676nam a22002177a 4500 | ||
|---|---|---|---|
| 005 | 20231129170345.0 | ||
| 008 | 231129t2011 my ||||| |||| 00| 0 eng d | ||
| 020 | _a9789834607838 (kkt.) | ||
| 040 | _aAKMAL | ||
| 082 | 0 | 4 | _a650.1 |
| 090 | 0 | 0 |
_a650.1 ARA _bARA |
| 100 | 0 |
_aAbd. Rahman Abd. Hamid, _cDato' Sri _99557 |
|
| 245 | 1 | 0 |
_aKejayaan tanpa noktah / _cAbd Rahman Abd Hamid, |
| 260 |
_aKuala Lumpur : _bDewan Bahasa dan Pustaka, _c2010 |
||
| 300 |
_axiv, 115ms. ; _c22cm |
||
| 500 | _aMengandungi indeks | ||
| 504 | _aBibliografi : ms. 109 | ||
| 650 | 1 | 0 |
_aSuccess _xPsychological aspects _91186 |
| 650 | 2 | 0 |
_aSelf-actualization (Psychology) _91127 |
| 942 |
_2ddc _cBOOK |
||
| 999 |
_c4988 _d4988 |
||